000 004640000a22001810004500
003 MACL
005 20150918162239.0
008 150918b xxu||||| |||| 00| 0 eng d
040 _aMACL
_cMACL
041 _aEnglish
082 _a823.301
100 _aBhattacharya, Bhabani
_910271
245 _aContemporary Indian Short Stories
_bSeries 2
260 _bSahitya Akademi
_c1988
_aNew Delhi
350 _a30
650 _aFiction
_911838
942 _cBK
_k823.301
_2ddc
999 _c6437
_d6437